[Event "Mondiale Lampo FIDE 2022"]
[Site "Alma Ata"]
[Date "29.12.2022"]
[Round "8.74"]
[White "Utegaliyev, Azamat"]
[Black "Zhigalko, Sergei"]
[Result "0-1"]
[BlackTitle ""]
[WhiteElo "2445"]
[BlackElo "2572"]
[WhiteFideId "13702467"]
[BlackFideId "13502956"]
[EventDate "29.12.2022"]

1. e4 c5 2. Nc3 Nc6 3. g3 g6 4. Bg2 Bg7 5. d3 Rb8 6. Nge2 b5 7. O-O e6 8. a3
Nge7 9. Be3 Nd4 10. Qd2 O-O 11. Nd1 Nxe2+ 12. Qxe2 d6 13. Qd2 Nc6 14. Bh6 Bxh6
15. Qxh6 Qf6 16. Qd2 Nd4 17. f4 Bb7 18. Ne3 Qg7 19. Rae1 f5 20. c3 Nc6 21. g4
fxe4 22. dxe4 Rbd8 23. g5 Kh8 24. h4 Ne7 25. Ng4 Ng8 26. Qe3 a5 27. Rf2 a4 28.
Ref1 Rf7 29. Rd1 Rfd7 30. Rfd2 h5 31. Nf2 Ne7 32. Bh3 Qf7 33. Kh2 Nc6 34. Kg3
Na5 35. Bf1 Nb3 36. Rc2 c4 37. Bh3 Rf8 38. e5 d5 39. Rd4 Bc6 40. Nh1 Qe8 41. Rf2
Rdf7 42. Kh2 Nc5 43. Ng3 Kh7 44. Bf1 Qe7 45. Be2 Bb7 46. Rd2 Nb3 47. Rd4 Bc6 48.
Bd1 Nxd4 49. Qxd4 Qa7 50. Qd2 d4 51. cxd4 Rd8 52. Ne2 0-1

[Event "Mondiale Lampo FIDE 2022"]
[Site "Alma Ata"]
[Date "29.12.2022"]
[Round "8.75"]
[White "Sjugirov, Sanan"]
[Black "Haldorsen, Benjamin"]
[Result "1-0"]
[WhiteTitle ""]
[BlackTitle ""]
[WhiteElo "2712"]
[BlackElo "2449"]
[WhiteFideId "4189302"]
[BlackFideId "1512633"]
[EventDate "29.12.2022"]

1. d4 g6 2. e4 d6 3. Bd3 Bg7 4. c3 Nf6 5. Nf3 O-O 6. O-O Nc6 7. h3 e5 8. Re1 Nh5
9. Bc2 h6 10. Na3 Bd7 11. Nc4 Qe7 12. Ne3 Rae8 13. Nd5 Qd8 14. dxe5 Nxe5 15.
Nxe5 dxe5 16. Be3 c6 17. Nb4 b6 18. a4 a5 19. Nd3 Be6 20. b4 axb4 21. cxb4 Qc7
22. a5 bxa5 23. bxa5 Ra8 24. Bb6 Qc8 25. Nc5 Nf4 26. Qf3 Re8 27. Red1 Bf8 28.
Nxe6 Nxe6 29. Bb3 Nf4 30. h4 Be7 31. g3 Qh3 32. Bc4 g5 33. Bf1 Qe6 34. gxf4 exf4
35. hxg5 hxg5 36. Bh3 Qh6 37. Bf5 Bf6 38. Rac1 Be5 39. Kg2 Rac8 40. Rh1 1-0

[Event "Mondiale Lampo FIDE 2022"]
[Site "Alma Ata"]
[Date "29.12.2022"]
[Round "8.76"]
[White "Aleksandrov, Aleksej"]
[Black "Ghaem Maghami, Ehsan"]
[Result "0-1"]
[WhiteTitle ""]
[BlackTitle ""]
[WhiteElo "2495"]
[BlackElo "2490"]
[WhiteFideId "13500139"]
[BlackFideId "12500739"]
[EventDate "29.12.2022"]

1. d4 Nf6 2. c4 e6 3. Nc3 Bb4 4. e3 O-O 5. Bd3 c5 6. a3 Bxc3+ 7. bxc3 b6 8. e4
Ne8 9. f4 Ba6 10. Be3 Nc6 11. Nf3 Na5 12. Qe2 cxd4 13. cxd4 Rc8 14. Nd2 Nd6 15.
Rc1 f5 16. e5 Nf7 17. O-O d5 18. exd6 Qxd6 19. Rc3 Qd7 20. Rfc1 Nd6 21. Bf2 Qf7
22. Qe5 Qd7 23. h3 Rc7 24. Bf1 Rfc8 25. c5 Nf7 26. Qe3 Bxf1 27. Rxf1 Nc6 28. Re1
Ne7 29. Qxe6 Qxe6 30. Rxe6 Nd5 31. Rf3 Rd8 32. Nc4 Nf6 33. Ne5 Nd5 34. g4 fxg4
35. hxg4 Rdc8 36. g5 g6 37. Ng4 Kf8 38. Kg2 Kg7 39. a4 Kg8 40. Nf6+ Nxf6 41.
Rxf6 bxc5 42. dxc5 Rc6 43. Rxc6 Rxc6 44. Rb3 Kf8 45. Kf3 Ra6 46. Rb4 Nd8 47. Ke4
Ke7 48. Kd5 Kd7 49. Bd4 Ne6 50. Be5 Nd8 51. Rc4 Nc6 52. Bc3 Ne7+ 53. Ke4 Re6+
54. Kf3 Nd5 55. Be5 Ra6 56. Bd6 Rc6 57. Ke4 Ke6 58. Kd4 Rc8 59. Rc1 Nb4 60. Re1+
Kf5 61. Kc4 Nc6 62. Kb5 Nd4+ 63. Ka6 Rc6+ 64. Kxa7 Nb3 65. Re7 Na5 66. Re5+ 0-1

[Event "Mondiale Lampo FIDE 2022"]
[Site "Alma Ata"]
[Date "29.12.2022"]
[Round "8.77"]
[White "Hambleton, Aman"]
[Black "Tologon tegin, Semetei"]
[Result "1-0"]
[WhiteTitle ""]
[BlackTitle ""]
[WhiteElo "2437"]
[BlackElo "2394"]
[WhiteFideId "2606577"]
[BlackFideId "13800574"]
[EventDate "29.12.2022"]

1. d4 Nf6 2. Bf4 e6 3. e3 c5 4. c3 cxd4 5. exd4 b6 6. Nf3 Ba6 7. Bxa6 Nxa6 8.
Qe2 Nc7 9. O-O Be7 10. a4 a6 11. Re1 d6 12. Nbd2 O-O 13. h3 h6 14. Bh2 Qd7 15.
Nc4 Nfd5 16. Ne3 Nxe3 17. fxe3 b5 18. axb5 axb5 19. e4 Qc6 20. Bg3 Qb7 21. Rad1
Ra2 22. Kh2 Rfa8 23. Bf4 d5 24. e5 b4 25. Rd2 Nb5 26. Rc1 bxc3 27. bxc3 Rxd2 28.
Bxd2 Na3 29. Bf4 Nc4 30. Qf2 Ba3 31. Rf1 Ra7 32. Qg3 Kh8 33. Qh4 Be7 34. Qh5 Kg8
35. Nd2 Nxd2 36. Bxd2 Bf8 37. Rf3 Qb2 38. Bf4 Kh7 39. Be3 Qe2 40. Qg4 Kh8 41.
Qh5 Kh7 42. Bxh6 1-0

[Event "Mondiale Lampo FIDE 2022"]
[Site "Alma Ata"]
[Date "29.12.2022"]
[Round "8.78"]
[White "Makhnev, Denis"]
[Black "Shishkov, Andrei"]
[Result "1-0"]
[WhiteTitle ""]
[BlackTitle ""]
[WhiteElo "2481"]
[BlackElo "2340"]
[WhiteFideId "13707647"]
[BlackFideId "4500563"]
[EventDate "29.12.2022"]

1. d4 Nf6 2. c4 e6 3. Nf3 d5 4. Nc3 c5 5. cxd5 Nxd5 6. e4 Nxc3 7. bxc3 cxd4 8.
cxd4 Bb4+ 9. Bd2 Bxd2+ 10. Qxd2 O-O 11. Bc4 Nd7 12. O-O b6 13. Rfe1 Bb7 14. Rad1
Rc8 15. Bb3 Re8 16. h3 h6 17. Re3 Qc7 18. d5 exd5 19. exd5 Qd6 20. Nd4 Rxe3 21.
Qxe3 Qe5 22. Qxe5 Nxe5 23. Nb5 a6 24. Nd6 Rc7 25. Nxb7 Rxb7 26. Rc1 Kf8 27. d6
Rb8 28. Rc7 Rd8 29. f4 Nd7 30. Kf2 g5 31. Kf3 b5 32. fxg5 hxg5 33. Kg4 f6 34.
Kf5 a5 35. Be6 Nb6 36. Rc6 Nc4 37. Bxc4 bxc4 38. Kxf6 c3 39. Kxg5 Kf7 40. g4 Ke6
41. Rxc3 Rxd6 42. Rc5 a4 43. Ra5 Rd4 44. h4 1-0

[Event "Mondiale Lampo FIDE 2022"]
[Site "Alma Ata"]
[Date "29.12.2022"]
[Round "8.79"]
[White "Kazakov, Konstantin"]
[Black "Narayanan, Srinath"]
[Result "1/2-1/2"]
[WhiteTitle ""]
[BlackTitle ""]
[WhiteElo "2385"]
[BlackElo "2559"]
[WhiteFideId "13700898"]
[BlackFideId "5018420"]
[EventDate "29.12.2022"]

1. e4 c6 2. Nf3 d5 3. d3 g6 4. e5 Bg7 5. d4 c5 6. dxc5 Nc6 7. Be2 Nxe5 8. O-O
Nxf3+ 9. Bxf3 Nf6 10. c4 e6 11. cxd5 Nxd5 12. Bxd5 Qxd5 13. Qxd5 exd5 14. Rd1
Be6 15. Nc3 d4 16. Nb5 O-O 17. Nxd4 Rfd8 18. Be3 Bd5 19. b3 Rac8 20. Rac1 h5 21.
h3 Bf6 22. Nb5 Be6 23. Rxd8+ Rxd8 24. Nxa7 Rd3 25. c6 bxc6 26. Nxc6 Bb2 27. Rb1
Bf6 28. Nb4 Rd6 29. a4 Bc3 30. Nc2 Bf5 31. Rc1 Bb2 32. Rb1 Be5 33. Rc1 Bxc2 34.
f4 Bxf4 35. Bxf4 Rd1+ 36. Rxd1 Bxd1 37. a5 Bxb3 38. a6 Bd5 39. a7 f6 40. h4 Kf7
41. g3 Ke6 42. Kf2 Kf5 43. Bc7 g5 44. Bd8 Kg6 45. Ke3 Kf5 46. Kd4 Bf3 47. Kc5
gxh4 48. gxh4 Ke5 49. Bc7+ Ke6 50. Bg3 Kf5 51. Kd6 Kg4 52. Bf2 f5 53. Ke5 f4 54.
Kd4 Bb7 55. Ke5 Kf3 56. Be1 Ke3 57. Bd2+ Kxd2 58. Kxf4 Kc3 59. Kg5 Kb4 60. Kxh5
Kc5 61. Kg5 Kb6 62. h5 Kxa7 63. Kf5 Ba6 64. Ke4 Bc4 65. h6 Ba2 66. Ke5 Bb1 1/2-1/2

[Event "Mondiale Lampo FIDE 2022"]
[Site "Alma Ata"]
[Date "29.12.2022"]
[Round "8.80"]
[White "Sankalp, Gupta"]
[Black "Khusenkhojaev, Mustafokhuja"]
[Result "1-0"]
[WhiteTitle ""]
[WhiteElo "2485"]
[BlackElo "2265"]
[WhiteFideId "5097010"]
[BlackFideId "14700727"]
[EventDate "29.12.2022"]

1. d4 Nf6 2. Nf3 g6 3. Bg5 Bg7 4. Nbd2 d5 5. c3 O-O 6. e3 c5 7. Be2 Qb6 8. Qb3
Nc6 9. O-O Re8 10. Rfd1 Bf5 11. Qa3 c4 12. b3 cxb3 13. axb3 Ne4 14. Nxe4 Bxe4
15. c4 e5 16. dxe5 dxc4 17. Nd2 Bd3 18. Nxc4 Bxc4 19. bxc4 Nxe5 20. Rab1 Qc7 21.
Bf4 b6 22. Qa6 Rad8 23. h3 Qe7 24. Rxd8 Rxd8 25. Bf1 h5 26. Rc1 Nd3 27. Bxd3
Rxd3 28. c5 bxc5 29. Qxd3 1-0

[Event "Mondiale Lampo FIDE 2022"]
[Site "Alma Ata"]
[Date "29.12.2022"]
[Round "8.81"]
[White "Uruci, Endrit"]
[Black "Harutyunyan, Tigran K."]
[Result "0-1"]
[WhiteTitle ""]
[BlackTitle ""]
[WhiteElo "2297"]
[BlackElo "2511"]
[WhiteFideId "22100199"]
[BlackFideId "13303635"]
[EventDate "29.12.2022"]

1. b3 d5 2. Bb2 Bf5 3. e3 e6 4. f4 Nf6 5. Nf3 Be7 6. Be2 c5 7. O-O Nc6 8. Bb5
Qb6 9. a4 O-O 10. Bxc6 Qxc6 11. Ne5 Qc7 12. d3 h6 13. Nd2 Nd7 14. e4 Bh7 15.
exd5 exd5 16. Qg4 Nf6 17. Qh3 d4 18. Ng4 Nd5 19. f5 Bg5 20. Ne4 Nf4 21. Qf3 Bxf5
22. h4 Bxg4 23. Qxg4 f5 24. Qd1 fxe4 25. hxg5 e3 26. Qg4 h5 27. Qh4 Ne2+ 0-1

[Event "Mondiale Lampo FIDE 2022"]
[Site "Alma Ata"]
[Date "29.12.2022"]
[Round "8.82"]
[White "Suyarov, Mukhammadzokhid"]
[Black "Elier, Ali"]
[Result "1-0"]
[WhiteTitle ""]
[WhiteElo "2299"]
[BlackElo "2165"]
[WhiteFideId "14210495"]
[BlackFideId "16217543"]
[EventDate "29.12.2022"]

1. d4 d5 2. Nc3 c5 3. Bf4 Nc6 4. e3 a6 5. dxc5 e5 6. Bg3 Nf6 7. Nf3 Bg4 8. Be2
e4 9. Nd4 Bxe2 10. Ndxe2 Bxc5 11. Bh4 Ne7 12. Bxf6 gxf6 13. O-O Rg8 14. Nf4 Qd6
15. Qh5 O-O-O 16. Rad1 Rg5 17. Qxf7 Rdg8 18. Nxe4 Qxf4 19. Qe6+ Kb8 20. exf4
Rxg2+ 21. Kh1 dxe4 22. Qxe4 R2g7 23. Rd7 Nc6 24. Rxg7 Rxg7 25. c3 Ne7 26. b4 Bb6
27. Qe6 Bc7 28. Qxf6 1-0

[Event "Mondiale Lampo FIDE 2022"]
[Site "Alma Ata"]
[Date "29.12.2022"]
[Round "8.83"]
[White "Sapenov, Daniyal"]
[Black "Zverev, Lev"]
[Result "0-1"]
[WhiteTitle ""]
[BlackTitle ""]
[WhiteElo "2323"]
[BlackElo "2310"]
[WhiteFideId "13728911"]
[BlackFideId "24250775"]
[EventDate "29.12.2022"]

1. d4 Nf6 2. Nf3 d5 3. c4 e6 4. g3 dxc4 5. Bg2 a6 6. O-O Be7 7. Ne5 O-O 8. Nc3
Ra7 9. Qa4 c6 10. Qxc4 b5 11. Qd3 c5 12. dxc5 Bxc5 13. Bf4 Qxd3 14. Nxd3 e5 15.
Nxc5 exf4 16. gxf4 Nbd7 17. Nxd7 Rxd7 18. Rfd1 Re7 19. e3 Bg4 20. Rd4 Rc7 21. a4
bxa4 22. Raxa4 Rb8 23. Rxa6 h6 24. Rd2 Rxc3 25. h3 Rc1+ 26. Kh2 Be6 27. Rad6 g6
28. Bf3 Kg7 29. e4 Rb3 30. Bg2 Nh5 31. f5 gxf5 32. exf5 Bxf5 33. R6d4 Rb1 34.
Bf3 Rxf3 0-1

[Event "Mondiale Lampo FIDE 2022"]
[Site "Alma Ata"]
[Date "29.12.2022"]
[Round "8.84"]
[White "Munkhdalai, Amilal"]
[Black "Abdilkhair, Abilmansur"]
[Result "1-0"]
[WhiteTitle ""]
[BlackTitle ""]
[WhiteElo "2142"]
[BlackElo "2278"]
[WhiteFideId "4903250"]
[BlackFideId "13716417"]
[EventDate "29.12.2022"]

1. e4 c5 2. Nf3 e6 3. d4 cxd4 4. Nxd4 Nf6 5. Nc3 d6 6. g4 h6 7. Bg2 a6 8. Be3 e5
9. Nf5 g6 10. h4 gxf5 11. exf5 Nc6 12. g5 hxg5 13. hxg5 Rxh1+ 14. Bxh1 Nd7 15.
Qh5 Nc5 16. O-O-O Bxf5 17. Bxc5 Bg6 18. Qe2 Qc7 19. Nd5 Qa5 20. Nf6+ Kd8 21.
Bxd6 Bxd6 22. Rxd6+ Ke7 23. Rd7+ Kf8 24. Be4 Nd4 25. Qd3 Qe1+ 26. Qd1 Qxd1+ 27.
Kxd1 Bxe4 28. Nxe4 b5 29. Nd6 Ne6 30. Rxf7+ Kg8 31. Rf6 Nf4 32. Nf7 Nd5 33. Rf5
Ne7 34. Nh6+ Kh8 35. Rf7 Ng6 36. Ng4 Kg8 37. Rd7 a5 38. Rd5 b4 39. Nxe5 Nf4 40.
Rd6 Re8 41. Nd3 Nh3 42. Rg6+ Kf7 43. Rf6+ Kg7 44. f4 a4 45. Nxb4 Nf2+ 46. Kc1
Rh8 47. Rh6 Rf8 48. Nd5 Re8 49. Kd2 Ne4+ 50. Kd3 Ng3 51. Rh3 Nf5 52. Ne3 Rd8+
53. Ke4 Nd6+ 54. Kf3 Rb8 55. b3 a3 56. f5 Nb5 57. f6+ Kg6 58. Kg4 Nc3 59. Rh6+
Kf7 60. Rh7+ Kg8 61. g6 Rb4+ 62. Kh3 Rf4 63. f7+ Kf8 64. Rh8+ Kg7 65. Rg8+ Kh6
66. f8=Q+ Rxf8 67. Rxf8 1-0

[Event "Mondiale Lampo FIDE 2022"]
[Site "Alma Ata"]
[Date "29.12.2022"]
[Round "8.85"]
[White "Postlmayer, Jakob"]
[Black "Degenbaev, Aziz"]
[Result "0-1"]
[WhiteTitle ""]
[WhiteElo "2314"]
[BlackElo "2139"]
[WhiteFideId "1643622"]
[BlackFideId "13802640"]
[EventDate "29.12.2022"]

1. c4 f5 2. d4 Nf6 3. Nc3 g6 4. g3 Bg7 5. Bg2 O-O 6. Nf3 d6 7. O-O Qe8 8. d5 Na6
9. Rb1 Nc5 10. Qc2 Bd7 11. Be3 c6 12. Nd2 Ng4 13. Bxc5 dxc5 14. dxc6 Bxc6 15.
Bxc6 Qxc6 16. Nd5 Rae8 17. Nf3 e6 18. Nf4 e5 19. Nd5 e4 20. Ne1 g5 21. Ng2 Qh6
22. h4 f4 23. Rbd1 f3 24. exf3 exf3 25. Nge3 Nxe3 26. Nxe3 gxh4 27. g4 h3 28.
Rd5 Re5 29. Rxe5 Bxe5 30. Qe4 Qf4 31. Qxf4 Rxf4 32. Rd1 Bd4 33. b3 Bxe3 34. fxe3
f2+ 35. Kf1 h2 36. exf4 h1=Q+ 37. Ke2 Qxd1+ 0-1

[Event "Mondiale Lampo FIDE 2022"]
[Site "Alma Ata"]
[Date "29.12.2022"]
[Round "8.87"]
[White "Everett, Elijah"]
[Black "Akhilbay, Imangali"]
[Result "0-1"]
[WhiteElo "2202"]
[BlackElo "2140"]
[WhiteFideId "12973696"]
[BlackFideId "13734857"]
[EventDate "29.12.2022"]

1. e4 c5 2. Nf3 Nc6 3. d4 cxd4 4. Nxd4 g6 5. c4 Bg7 6. Be3 Qb6 7. Nb3 Qd8 8. Qd2
Nf6 9. f3 O-O 10. Nc3 d6 11. Nd4 Nxd4 12. Bxd4 Be6 13. Be2 Rc8 14. Nd5 Bxd5 15.
exd5 a5 16. O-O Nd7 17. Be3 b6 18. Rfe1 Ne5 19. Rac1 Qc7 20. f4 Nd7 21. Bg4 f5
22. Bf3 Rfe8 23. b3 Qb7 24. Bf2 b5 25. cxb5 Rxc1 26. Qxc1 Rc8 27. Qe3 Bf6 28. g4
Qxb5 29. gxf5 gxf5 30. Kh1 Kh8 31. Qe6 Nc5 32. Qf7 Nd3 33. Rf1 Nxf2+ 34. Rxf2
Qd3 35. Bh5 Bd4 0-1

[Event "Mondiale Lampo FIDE 2022"]
[Site "Alma Ata"]
[Date "29.12.2022"]
[Round "9.1"]
[White "Carlsen, Magnus"]
[Black "Fedoseev, Vladimir3"]
[Result "1/2-1/2"]
[WhiteTitle ""]
[BlackTitle ""]
[WhiteElo "2859"]
[BlackElo "2688"]
[WhiteFideId "1503014"]
[BlackFideId "24130737"]
[EventDate "29.12.2022"]

1. d4 d5 2. c4 e6 3. Nf3 Nf6 4. g3 Be7 5. Bg2 O-O 6. O-O dxc4 7. Qc2 a6 8. a4
Bd7 9. Qxc4 Bc6 10. Bg5 Nbd7 11. Nc3 a5 12. e3 h6 13. Bxf6 Nxf6 14. Ne5 Bxg2 15.
Kxg2 c6 16. Rfd1 Qb6 17. Rac1 Rfd8 18. Nf3 Rd7 19. Ne5 Rdd8 20. Qe2 Bb4 21. Qf3
Qc7 22. h4 Qe7 23. Ne4 Nxe4 24. Qxe4 Rd5 25. Nc4 Rad8 26. Qf3 Qc7 27. Ne5 c5 28.
Nd3 Qd7 29. b3 cxd4 30. Nxb4 axb4 31. Rxd4 Rxd4 32. exd4 b5 33. a5 Qa7 34. Ra1
Qxd4 35. Ra2 Rd7 36. a6 Ra7 37. Rc2 Rxa6 38. Rc8+ Kh7 39. Qxf7 Qd5+ 40. f3 Ra2+
41. Kh3 Qf5+ 42. Qxf5+ exf5 1/2-1/2

[Event "Mondiale Lampo FIDE 2022"]
[Site "Alma Ata"]
[Date "29.12.2022"]
[Round "9.3"]
[White "Giri, Anish"]
[Black "Mamedyarov, Shakhriyar"]
[Result "1/2-1/2"]
[WhiteTitle ""]
[BlackTitle ""]
[WhiteElo "2764"]
[BlackElo "2740"]
[WhiteFideId "24116068"]
[BlackFideId "13401319"]
[EventDate "29.12.2022"]

1. d4 Nf6 2. c4 e6 3. Nf3 Bb4+ 4. Bd2 c5 5. Bxb4 cxb4 6. g3 b6 7. Bg2 Bb7 8. O-O
O-O 9. Qd3 d6 10. Nbd2 Nbd7 11. Ne1 Qc7 12. Nc2 Bxg2 13. Kxg2 a5 14. e4 e5 15.
f3 Rfd8 16. Rac1 Rac8 17. a3 bxa3 18. bxa3 exd4 19. Nxd4 Ne5 20. Qe3 Qc5 21. Rc2
Nc6 22. Nf5 g6 23. Nb3 Qxa3 24. Ra1 Qb4 25. Nbd4 Qc5 26. Nxc6 Qxe3 27. Nce7+ Kf8
28. Nxg6+ hxg6 29. Nxe3 Rc6 30. Rb2 Nd7 31. Kf2 Ne5 1/2-1/2

[Event "Mondiale Lampo FIDE 2022"]
[Site "Alma Ata"]
[Date "29.12.2022"]
[Round "9.4"]
[White "Duda, Jan-Krzysztof"]
[Black "Artemiev, Vladislav"]
[Result "1/2-1/2"]
[WhiteTitle ""]
[BlackTitle ""]
[WhiteElo "2729"]
[BlackElo "2701"]
[WhiteFideId "1170546"]
[BlackFideId "24101605"]
[EventDate "29.12.2022"]

1. d4 d5 2. c4 c6 3. Nc3 Nf6 4. Nf3 dxc4 5. a4 e6 6. e3 c5 7. Bxc4 cxd4 8. Nxd4
Bc5 9. O-O O-O 10. Nb3 Bb4 11. Qe2 Nc6 12. Rd1 Qc7 13. Nb5 Qb8 14. e4 b6 15. f3
Ba6 16. Be3 Ne5 17. Rac1 Bb7 18. N3d4 a6 19. Nc3 Nxc4 20. Qxc4 Bd6 21. h3 Rc8
22. Qb3 Bc5 23. Nc2 Qe5 24. Rd3 Nh5 25. Rcd1 Nf4 26. R3d2 Qg5 27. Bxc5 Qxc5+ 28.
Kh1 h6 29. Ne2 Nxe2 30. Rxe2 b5 31. axb5 axb5 32. Red2 Qc4 33. Qxc4 bxc4 34. Nd4
c3 35. bxc3 Rxc3 36. Rb2 Rd8 37. Rxb7 Rc4 38. Kh2 Rcxd4 1/2-1/2

[Event "Mondiale Lampo FIDE 2022"]
[Site "Alma Ata"]
[Date "29.12.2022"]
[Round "9.5"]
[White "Yu, Yangyi"]
[Black "Kadric, Denis"]
[Result "0-1"]
[WhiteTitle ""]
[BlackTitle ""]
[WhiteElo "2728"]
[BlackElo "2584"]
[WhiteFideId "8603820"]
[BlackFideId "14403803"]
[EventDate "29.12.2022"]

1. e4 d6 2. d4 Nf6 3. Nc3 e5 4. dxe5 dxe5 5. Qxd8+ Kxd8 6. f4 Bb4 7. Bd3 Re8 8.
fxe5 Nxe4 9. Bxe4 Bxc3+ 10. Kf2 Bd4+ 11. Be3 Bxe3+ 12. Kxe3 Rxe5 13. Nf3 Re7 14.
Rad1+ Nd7 15. Kf4 h6 16. h4 Ke8 17. Bf5 Nf6 18. Rhe1 Nh5+ 19. Kg4 Nf6+ 20. Kf4
Nh5+ 21. Kg4 Bxf5+ 22. Kxf5 g6+ 23. Kg4 Rd8 24. Rxd8+ Kxd8 25. Ne5 Ke8 26. Kf3
f6 27. Nd3 Rxe1 28. Nxe1 Ke7 29. Nd3 Kd6 30. g4 Ng7 31. Nf2 f5 32. Nd3 Ne6 33.
c3 Kd5 34. b3 fxg4+ 35. Kxg4 Ke4 36. Ne1 h5+ 37. Kg3 g5 38. hxg5 Nxg5 39. Ng2
Kd3 40. c4 Kc3 41. Nf4 Kb2 42. Nxh5 Kxa2 43. Kf4 Nf7 44. Ke4 Kxb3 45. Kd4 a5 46.
Ng3 a4 47. Ne4 a3 48. Nc5+ Kc2 0-1

[Event "Mondiale Lampo FIDE 2022"]
[Site "Alma Ata"]
[Date "29.12.2022"]
[Round "9.6"]
[White "Bluebaum, Matthias"]
[Black "Vachier-Lagrave, Maxime"]
[Result "1-0"]
[WhiteTitle ""]
[BlackTitle ""]
[WhiteElo "2657"]
[BlackElo "2737"]
[WhiteFideId "24651516"]
[BlackFideId "623539"]
[EventDate "29.12.2022"]

1. d4 Nf6 2. c4 g6 3. Nc3 d5 4. cxd5 Nxd5 5. e4 Nxc3 6. bxc3 Bg7 7. Nf3 c5 8.
Bb5+ Nc6 9. O-O O-O 10. Bxc6 bxc6 11. Qc2 cxd4 12. cxd4 Bg4 13. Ne5 Qxd4 14. Bb2
Qb6 15. Rab1 Bxe5 16. Bxe5 Qa5 17. Bc3 Qc5 18. Qb2 Qd6 19. Be5 Qd7 20. h3 Be6
21. Rfd1 Qc8 22. Qa3 c5 23. Rbc1 Qc6 24. Bd4 Qxe4 25. Bxc5 Rfe8 26. Rd4 Qe2 27.
Ra4 a6 28. Be3 f6 29. Rc7 Bf7 30. Kh2 Qb5 31. Re4 e5 32. Rb4 Qd5 33. Rbb7 Rf8
34. Bh6 Rab8 35. Rxf7 1-0

[Event "Mondiale Lampo FIDE 2022"]
[Site "Alma Ata"]
[Date "29.12.2022"]
[Round "9.8"]
[White "Shankland, Sam"]
[Black "Caruana, Fabiano"]
[Result "0-1"]
[WhiteTitle ""]
[BlackTitle ""]
[WhiteElo "2710"]
[BlackElo "2766"]
[WhiteFideId "2004887"]
[BlackFideId "2020009"]
[EventDate "29.12.2022"]

1. d4 Nf6 2. c4 e6 3. Nc3 d5 4. Bg5 Be7 5. e3 h6 6. Bh4 O-O 7. Rc1 Nbd7 8. Nf3
a6 9. a3 b6 10. cxd5 exd5 11. Bd3 c5 12. O-O c4 13. Bc2 b5 14. Ne5 Bb7 15. Qf3
Re8 16. Rcd1 Nf8 17. Qf5 Qd6 18. Bg3 Qe6 19. Qf3 Bd6 20. Bh4 Ne4 21. Nxe4 dxe4
22. Bxe4 Bxe4 23. Qxe4 f6 24. f4 fxe5 25. fxe5 Bc7 26. Bg3 Qe7 27. Rf5 Ng6 28.
Rdf1 Nh8 29. Qd5+ Kh7 30. Qe4 Kg8 31. Qd5+ Kh7 32. Qe4 Kg8 33. d5 Bb6 34. Kh1
Rf8 35. d6 Qe6 36. h3 Rae8 37. Bh4 Rxf5 38. Rxf5 Nf7 39. Bg3 Nxd6 0-1

[Event "Mondiale Lampo FIDE 2022"]
[Site "Alma Ata"]
[Date "29.12.2022"]
[Round "9.9"]
[White "Andreikin, Dmitry"]
[Black "Ghasi, Ameet K"]
[Result "0-1"]
[WhiteTitle ""]
[BlackTitle ""]
[WhiteElo "2729"]
[BlackElo "2471"]
[WhiteFideId "4158814"]
[BlackFideId "409200"]
[EventDate "29.12.2022"]

1. Nf3 Nf6 2. c4 g6 3. b4 Bg7 4. Bb2 d6 5. g3 O-O 6. Bg2 e5 7. d3 Nc6 8. b5 Ne7
9. O-O h6 10. a4 a5 11. Nfd2 Rb8 12. Nc3 c6 13. Ba3 Be6 14. bxc6 bxc6 15. Nde4
Nxe4 16. Nxe4 c5 17. Rb1 Qd7 18. Rb5 Nc6 19. Qd2 Nd4 20. Qxa5 Nxe2+ 21. Kh1 Nd4
22. Rfb1 Nxb5 23. cxb5 f5 24. Nd2 d5 25. Bxc5 Rfc8 26. b6 Qc6 27. d4 exd4 28.
Nb3 d3 29. Qd2 Qxa4 30. Qxd3 Qc4 31. Qe3 Bf7 32. Bd4 Re8 33. Qd2 Re2 34. Qf4
Rbe8 35. Bxg7 Re1+ 0-1

[Event "Mondiale Lampo FIDE 2022"]
[Site "Alma Ata"]
[Date "29.12.2022"]
[Round "9.11"]
[White "Durarbayli, Vasif"]
[Black "Rapport, Richard"]
[Result "0-1"]
[WhiteTitle ""]
[BlackTitle ""]
[WhiteElo "2612"]
[BlackElo "2740"]
[WhiteFideId "13402935"]
[BlackFideId "738590"]
[EventDate "29.12.2022"]

1. e4 c5 2. Nf3 d6 3. d4 cxd4 4. Nxd4 Nf6 5. Nc3 g6 6. Be3 Nc6 7. f3 h5 8. Qd2
Nxd4 9. Bxd4 Bh6 10. Be3 Bxe3 11. Qxe3 Be6 12. O-O-O Qa5 13. Kb1 Rc8 14. a3 Qc5
15. Qd2 a6 16. Bd3 b5 17. Ne2 Rb8 18. Qb4 Qb6 19. Nd4 Bc4 20. Bxc4 bxc4 21. Qc3
Qc5 22. Ka1 O-O 23. Rhe1 e5 24. Ne2 Kg7 25. Ng3 Rb5 26. Rd2 Rfb8 27. Rb1 Qc7 28.
Re2 Nd7 29. f4 Nf6 30. fxe5 dxe5 31. Nf1 Qa5 32. Qxa5 Rxa5 33. c3 Rd8 34. Rd2
Rb8 35. Re1 Rab5 36. Ree2 R5b6 37. h3 h4 38. Nh2 Nh5 39. Nf3 Nf4 40. Rf2 Nd3 41.
Rfe2 Nc1 42. Nxe5 Nxe2 43. Rxe2 Rc8 44. Nf3 Rd6 45. Nxh4 Rd1+ 46. Ka2 Rcd8 47.
Nf3 R8d3 48. a4 a5 49. e5 Rf1 50. Nd2 Rf4 51. Nf3 Kf8 52. Kb1 Rd1+ 53. Kc2 Ra1
54. Kd2 Rf5 55. Ke3 Rh5 56. Kd4 Rxa4 57. Kc5 Kg7 58. Kb5 Ra2 59. Kxc4 a4 60. Kd3
Rh8 61. c4 Rb8 62. e6 a3 63. e7 axb2 64. Nd2 Re8 65. Kc3 b1=N+ 66. Kd4 0-1

[Event "Mondiale Lampo FIDE 2022"]
[Site "Alma Ata"]
[Date "29.12.2022"]
[Round "9.12"]
[White "Mamedov, Rauf"]
[Black "Dragnev, Valentin"]
[Result "1-0"]
[WhiteTitle ""]
[BlackTitle ""]
[WhiteElo "2646"]
[BlackElo "2556"]
[WhiteFideId "13401653"]
[BlackFideId "1634852"]
[EventDate "29.12.2022"]

1. e4 e5 2. Nf3 Nf6 3. Nxe5 d6 4. Nf3 Nxe4 5. d4 d5 6. Bd3 Bd6 7. O-O O-O 8. c4
c6 9. Re1 Bf5 10. Nc3 Nxc3 11. bxc3 Bxd3 12. Qxd3 dxc4 13. Qxc4 Nd7 14. Rb1 Qc7
15. h3 Rfe8 16. Be3 b5 17. Qd3 Nf6 18. c4 bxc4 19. Qxc4 Nd5 20. Bd2 h6 21. Qa6
Rxe1+ 22. Rxe1 Rb8 23. Rc1 Rb6 24. Qd3 Qd7 25. a4 Rb8 26. Qa6 Rb6 27. Qc4 Qb7
28. Qe2 Rb1 29. Qe8+ Bf8 30. Rxb1 Qxb1+ 31. Kh2 Qg6 32. Ne5 Qf6 33. Qxc6 Qxc6
34. Nxc6 a6 35. Kg3 f5 36. Kf3 Kf7 37. Nb8 Nb6 38. a5 Nc4 39. Bc3 Be7 40. Nxa6
Bd8 41. Nc5 1-0